[Event "Bad Woerishofen op 24th"]
[Site "Bad Woerishofen"]
[Date "2008.03.02"]
[Round "4"]
[White "Mack, Thomas"]
[Black "Pressler, Wolf"]
[Result "1/2-1/2"]
[WhiteElo "1853"]
[BlackElo "1732"]
[PlyCount "79"]
[EventDate "2008.02.28"]
[EventType "swiss"]
[EventRounds "9"]
[EventCountry "GER"]
[SourceTitle "EXT 2022"]
[Source "ChessBase"]
[SourceDate "2021.10.06"]
[SourceVersion "1"]
[SourceVersionDate "2021.10.06"]
[SourceQuality "1"]

1. e4 e5 2. Nc3 Nf6 3. f4 d5 4. fxe5 Nxe4 5. d3 Nxc3 6. bxc3 d4 7. Nf3 c5 8. Be2 dxc3 9. 0-0 Nc6 10. Qe1 Nd4 11. Bd1 Be6 12. Qxc3 Qd7 13. Be3 Rd8 14. Bg5 Be7 15. Qe1 Nf5 16. Bxe7 Qxe7 17. Nd2 0-0 18. Ne4 Bc8 19. Bg4 Qxe5 20. Qf2 Nd4 21. Bxc8 Rxc8 22. Rae1 Qh5 23. Nd6 Rc6 24. Nf5 Rf6 25. Re5 Nxf5 26. Rxf5 Rxf5 27. Qxf5 Qxf5 28. Rxf5 b6 29. Re5 f5 30. Re7 Rf7 31. Re8+ Rf8 32. Re7 a6 33. Kf2 Rf6 34. h4 h5 35. Kf3 Kh7 36. g3 Kg6 37. Kf4 Rc6 38. Re5 Rf6 39. Rd5 Rf8 40. Re5 1/2-1/2

[Event "Bad Woerishofen op 24th"]
[Site "Bad Woerishofen"]
[Date "2008.02.28"]
[Round "1"]
[White "Pressler, Wolf"]
[Black "Hempel, Olaf"]
[Result "1-0"]
[WhiteElo "1732"]
[BlackElo "2016"]
[PlyCount "63"]
[EventDate "2008.02.28"]
[EventType "swiss"]
[EventRounds "9"]
[EventCountry "GER"]
[SourceTitle "EXT 2022"]
[Source "ChessBase"]
[SourceDate "2021.10.06"]
[SourceVersion "1"]
[SourceVersionDate "2021.10.06"]
[SourceQuality "1"]

1. e4 c6 2. d4 d5 3. e5 Bf5 4. h4 h5 5. c4 e6 6. Nc3 Ne7 7. Bg5 dxc4 8. Bxc4 Nd7 9. Nge2 Nb6 10. Bd3 Bxd3 11. Qxd3 Nbd5 12. Ne4 Qa5+ 13. Bd2 Qc7 14. Nd6+ Kd7 15. Nxf7 Rg8 16. Nf4 Nxf4 17. Bxf4 Nd5 18. Bd2 g6 19. Rh3 Be7 20. Rf3 Rac8 21. Bg5 Bb4+ 22. Kf1 Be7 23. Nh6 Rgf8 24. Qxg6 Rxf3 25. gxf3 Qb6 26. Rd1 Qa6+ 27. Kg1 Qxa2 28. Ng8 Qa4 29. Rd2 Qa1+ 30. Kg2 Qe1 31. Nf6+ Bxf6 32. exf6 1-0

[Event "Bayern-chB 77th"]
[Site "Bad Woerishofen"]
[Date "2006.09.02"]
[Round "9"]
[White "Kirsch, Martin"]
[Black "Pressler, Wolf"]
[Result "1-0"]
[WhiteElo "1737"]
[BlackElo "1663"]
[PlyCount "162"]
[EventDate "2006.08.26"]
[EventType "swiss"]
[EventRounds "9"]
[EventCountry "GER"]
[SourceTitle "EXT 2015"]
[Source "ChessBase"]
[SourceDate "2014.11.20"]
[SourceVersion "1"]
[SourceVersionDate "2014.11.20"]
[SourceQuality "1"]

1. d4 d5 2. c4 c6 3. Nf3 Bf5 4. Nc3 e6 5. Bf4 Nf6 6. e3 Qb6 7. Qb3 Na6 8. c5 Qxb3 9. axb3 Nb4 10. Kd2 Bc2 11. Ra3 Ne4+ 12. Nxe4 dxe4 13. Ne1 Bb1 14. Kc1 Bd3 15. Nxd3 Nxd3+ 16. Bxd3 exd3 17. Kd2 Be7 18. Kxd3 0-0 19. Rha1 a6 20. b4 Rac8 21. Rd1 Rfd8 22. Ke2 Rd7 23. Rad3 Rcd8 24. h3 Bf6 25. g4 h6 26. Bd6 Be7 27. Bg3 Bf6 28. f3 g6 29. Be1 Kg7 30. Bc3 g5 31. e4 Kg6 32. e5 Be7 33. Rf1 f6 34. Re3 Re8 35. exf6 Bxf6 36. Re4 Bg7 37. Kf2 Rf7 38. Kg2 Rf4 39. Rfe1 Rxe4 40. Rxe4 Kf7 41. f4 Rd8 42. Kf3 Rd5 43. Ke3 Bf6 44. fxg5 hxg5 45. Kf3 Rd8 46. Kg3 Ke7 47. Kf3 Rh8 48. Kg3 Rd8 49. Kg2 Kf7 50. Kg3 Ke7 51. b3 Kf7 52. Kg2 Bg7 53. Kg3 Bf6 54. Kg2 Bg7 55. Kf2 Rh8 56. Re3 Rd8 57. Rd3 e5 58. Rf3+ Ke6 59. dxe5 Bxe5 60. Bxe5 Kxe5 61. Rf5+ Ke4 62. Rxg5 Rd3 63. h4 Rxb3 64. h5 Kf4 65. Rg7 Rxb4 66. h6 Rb2+ 67. Ke1 Ke3 68. Re7+ Kf3 69. h7 Rh2 70. g5 a5 71. g6 a4 72. g7 Rxh7 73. g8Q Rxe7+ 74. Kd1 Re4 75. Qf7+ Ke3 76. Qxb7 Rd4+ 77. Kc1 Rc4+ 78. Kb2 Rxc5 79. Qa6 Kd4 80. Qxa4+ Kd5 81. Qd1+ Ke6 1-0

[Event "Bayern-chB 77th"]
[Site "Bad Woerishofen"]
[Date "2006.08.31"]
[Round "7"]
[White "Pressler, Wolf"]
[Black "Schleime, Franz Josef"]
[Result "0-1"]
[WhiteElo "1663"]
[BlackElo "1678"]
[PlyCount "106"]
[EventDate "2006.08.26"]
[EventType "swiss"]
[EventRounds "9"]
[EventCountry "GER"]
[SourceTitle "EXT 2015"]
[Source "ChessBase"]
[SourceDate "2014.11.20"]
[SourceVersion "1"]
[SourceVersionDate "2014.11.20"]
[SourceQuality "1"]

1. e4 c5 2. d4 cxd4 3. c3 d3 4. Bxd3 d6 5. Nf3 Nf6 6. 0-0 e6 7. Nd4 a6 8. Be3 Qc7 9. f4 Nbd7 10. Nd2 Nc5 11. Bc2 b6 12. b4 Ncd7 13. c4 Bb7 14. Rc1 Be7 15. Re1 Rd8 16. Bf2 0-0 17. f5 e5 18. N4f3 Ng4 19. Bg3 Ngf6 20. a3 Qb8 21. Qe2 Rc8 22. Bb3 Nh5 23. Bf2 Nf4 24. Qf1 Nh5 25. Rc2 Nhf6 26. h3 Qa8 27. Qe2 a5 28. g4 a4 29. Ba2 b5 30. g5 Nh5 31. Nh4 Nf4 32. Qg4 Bd8 33. f6 Bxf6 34. gxf6 Nxf6 35. Qf3 d5 36. Nf5 dxe4 37. Qg3 Ng6 38. Nd6 Rcd8 39. Nxb7 Rd3 40. Qg2 Nf4 41. Qf1 Nxh3+ 42. Kh1 Qxb7 43. Re3 Nxf2+ 44. Qxf2 Ng4 45. Qe2 Nxe3 46. Rc1 Nf5 47. Qg2 Rfd8 48. Nxe4 Rd1+ 49. Rxd1 Rxd1+ 50. Kh2 Qe7 51. Ng5 e4 52. cxb5 Qe5+ 53. Kh3 Rd3+ 0-1

[Event "Bayern-chB 77th"]
[Site "Bad Woerishofen"]
[Date "2006.08.26"]
[Round "1"]
[White "Santl, Anton"]
[Black "Pressler, Wolf"]
[Result "1-0"]
[WhiteElo "1992"]
[BlackElo "1663"]
[PlyCount "115"]
[EventDate "2006.08.26"]
[EventType "swiss"]
[EventRounds "9"]
[EventCountry "GER"]
[SourceTitle "EXT 2015"]
[Source "ChessBase"]
[SourceDate "2014.11.20"]
[SourceVersion "1"]
[SourceVersionDate "2014.11.20"]
[SourceQuality "1"]

1. Nf3 d5 2. c4 c6 3. g3 Bf5 4. Bg2 e6 5. 0-0 Nd7 6. d4 Bd6 7. Nc3 h6 8. Nd2 Ngf6 9. e4 dxe4 10. Ndxe4 Bc7 11. Be3 Nb6 12. b3 0-0 13. a4 a5 14. Nc5 Rb8 15. h3 Bg6 16. Qe2 Qe7 17. Rfd1 Rfd8 18. Rac1 Bd6 19. Nd3 Nbd7 20. f4 c5 21. Nb5 cxd4 22. Nxd6 Qxd6 23. c5 Qa6 24. Bf2 Rbc8 25. Bf3 Bxd3 26. Qxd3 Qxd3 27. Rxd3 Nxc5 28. Rxd4 Nxb3 29. Rxd8+ Rxd8 30. Rc7 Rd7 31. Rxd7 Nxd7 32. Bxb7 Nbc5 33. Bc6 Kf8 34. Be1 Nb3 35. Bxd7 Ke7 36. Bb5 Kd6 37. Bc4 Nc5 38. Bxa5 Nxa4 39. Bb4+ Kc6 40. Bf8 Nb6 41. Bb3 g6 42. Bxh6 Kc5 43. Bg7 Kb4 44. Ba2 Ka3 45. Bb1 Kb3 46. Kf2 Nd5 47. Bd3 Kb4 48. Bd4 Nc7 49. Kf3 Nb5 50. Bxb5 Kxb5 51. Ke4 Kc4 52. Bg7 Kc5 53. Ke5 Kc4 54. Kf6 Kd3 55. Kxf7 Ke3 56. Kxg6 Kf3 57. Be5 Kxg3 58. f5+ 1-0